000 00955nam a22003257a 4500
001 BR6007791
003 BR-BrBNA
005 20230928083306.0
007 ta
008 230509b bl.||||| |||| 00| 0 por d
040 _aBR-BrBNA
_bpor
_cBiblioteca Nacional de Agricultura
041 _a(Por)
072 _aL30; L70
_b5213
_b5214
_b/G514
090 _ 5213 BR6007791
110 1 _aAssociacao de Credito e Assistencia Rural do Estado de Santa Catarina, Florianopolis (Brasil)
_9468
245 1 _aInformacoes sobre pecuaria de corte e leite [Santa Catarina, Brasil]
260 3 _aFlorianopolis, SC (Brasil):
_c1975.
300 _a52 p.
650 _aNUTRICAO ANIMAL
650 _aPLANTA FORRAGEIRA
650 _aSILAGEM
650 _aFENACAO
650 _aCONFINAMENTO
650 _aVETERINARIA
650 _aGADO DE CORTE
650 _aGADO LEITEIRO
650 _aSANTA CATARINA
909 _a202309
_bLucia
_c55
_dLucia Elande
942 _cBK
999 _c12628
_d12628